000 02261nam a2200469 c 4500
003 BLK
005 20250409160920.0
008 180409b bul|||||r ||||||| ||bul||
010 _aKNG00136531000
020 _a978-954-2903-08-6
_bиздат.: Тангра ТанНакРа - на том(т. 9)
040 _aBLK
041 _aBUL
_cBUL
072 7 _2bullib
_aН92
_xИстория Н
080 _aИстория на България
_b94(497.2)
_x
_z94(497.2)
080 _aБългария през периода на общата криза на капитализма (1918-1944)
_b94(497.2)"1918/1945"
_x
_z94(497.2)"1918/1945"
700 1 _aВачков, Даниел
_eавт. на том
_9369037
700 1 _aМарков, Георги
_eглав. ред.
_9364638
139 _aИстория на България
_bИ 95
245 1 0 _aИстория на България
_bВ 14 т.
_cавт. на том Даниел Вачков; глав. ред. Георги Марков.
_nТ. 9
_pИстория на България 1918 - 1944
257 _aBGR
260 София
_bБАН
_c1979 -
_fЗа том: Костинброд : Мултипринт
300 _c31 см
380 _a9
500 _aИзд. на БАН. Инст. по история.
650 0 _aБългария - история
_9244493
650 0 _aБългария - история, нова
_9241998
651 4 _aБългария
_9241624
653 _aистория
653 _aдемография
653 _aстопанство
653 _aполитически кризи
653 _aмалцинства
653 _aкултура
659 _aН
760 1 _3- на том(т. 9)
_dСофия, Тангра ТанНакРа, 2012
_h839 с. : с ил.
_nБиблиогр. с. 823-833. - Именен показалец, показалец на геогр. имена ; Хронол. табл. - В 9. т. отбелязано История на България : В 10 т.
_tТ. 9 История на България 1918 - 1944
852 _aЦб ІІ 5876
856 4 _qpdf
_u
856 4 _qpdf
_u
942 _cKNG
_n0
_04
944 _aCR
_c15.01.2003
_lЦветомила Тодорова
_k30576
944 _aED
_c29.01.2014
_lф /
_k
999 _c130742
_d130742